| 000 | 00826cam a2200157 4500500 | ||
|---|---|---|---|
| 005 | 20260111113228.0 | ||
| 041 | _afre | ||
| 042 | _adc | ||
| 100 | 1 | 0 |
_aWeill, Claudie _eauthor |
| 245 | 0 | 0 | _aFrançoise Basch, Liliane Crips, Pascale Gruson (direction de publication), Victor Basch (1863-1944). Un intellectuel cosmopolite, Paris, Berg international éditeurs, 2000, 273 p. |
| 260 | _c2001. | ||
| 500 | _a66 | ||
| 520 | _aEn partant de la Conférence d’introduction à la psychanalyse de Bernard Bensidoun pour la Société psychanalytique de Paris, Shirley Leong revient sur le traumatisme à l’adolescence. | ||
| 786 | 0 | _nL'Homme & la Société | 139 | 1 | 2001-03-01 | p. 145m-170m | 0018-4306 | |
| 856 | 4 | 1 | _uhttps://shs.cairn.info/revue-l-homme-et-la-societe-2001-1-page-145m?lang=fr&redirect-ssocas=7080 |
| 999 |
_c1632710 _d1632710 |
||